000
002360000a22000970004500
245
1
0
_a
Ten Green Bottles: Sing-along books, il. Frank Endersby
260
_a
Vietnam: Parragon
300
_a
[ 12 p. ]
500
_a
Texto pasta dura
001
524
999
_c
47735
_d
47735